[Event "GER-chT U14 Girls"]
[Site "Burg Stargard"]
[Date "2006.12.29"]
[Round "5.3"]
[White "Schimmel, Jannika"]
[Black "Draeger, Janine"]
[Result "1-0"]
[WhiteElo "1039"]
[BlackElo "767"]
[PlyCount "93"]
[EventDate "2006.12.27"]
[EventType "team-swiss"]
[EventRounds "7"]
[EventCountry "GER"]
[SourceTitle "EXT 2008"]
[Source "ChessBase"]
[SourceDate "2007.11.25"]
[SourceVersion "1"]
[SourceVersionDate "2007.11.25"]
[SourceQuality "1"]
[WhiteTeam "Leegebruch U14 Girls"]
[BlackTeam "Gryps SV U14 Girls"]
[WhiteTeamCountry "GER"]
[BlackTeamCountry "GER"]

1. e4 e5 2. Nf3 Nc6 3. Nc3 Nf6 4. Bb5 Bb4 5. d3 d6 6. Bg5 0-0 7. a3 Bxc3+ 8. bxc3 Bd7 9. 0-0 h6 10. Bh4 Qe7 11. d4 a6 12. Bxc6 Bxc6 13. d5 Bb5 14. Re1 Qd7 15. Bxf6 gxf6 16. a4 Bc4 17. Nh4 Kh7 18. Nf5 Rg8 19. Qh5 Rg5 20. Qxh6+ Kg8 21. Qxf6 Rg6 22. Qh4 Re8 23. Re3 Qd8 24. Qh5 Qg5 25. Qxg5 Rxg5 26. Rh3 c6 27. Nxd6 Rb8 28. Nxc4 Rg4 29. Rg3 Rg6 30. Rxg6+ fxg6 31. Nxe5 Kg7 32. dxc6 bxc6 33. h4 Kf6 34. Nxc6 Rb6 35. Nb4 Rd6 36. Re1 Re6 37. Nd5+ Kf7 38. e5 a5 39. Nc7 Rc6 40. e6+ Ke7 41. Nd5+ Kd6 42. e7 Rc8 43. Nf6 Rxc3 44. e8Q Kc5 45. Rd1 Kb4 46. Qb5+ Ka3 47. Ra1# 1-0

[Event "GER-chT U14 Girls"]
[Site "Burg Stargard"]
[Date "2006.12.29"]
[Round "6.3"]
[White "Schimmel, Jannika"]
[Black "Spangenberg, Romy"]
[Result "1/2-1/2"]
[WhiteElo "1039"]
[BlackElo "1384"]
[PlyCount "86"]
[EventDate "2006.12.27"]
[EventType "team-swiss"]
[EventRounds "7"]
[EventCountry "GER"]
[SourceTitle "EXT 2008"]
[Source "ChessBase"]
[SourceDate "2007.11.25"]
[SourceVersion "1"]
[SourceVersionDate "2007.11.25"]
[SourceQuality "1"]
[WhiteTeam "Leegebruch U14 Girls"]
[BlackTeam "Leipzig Lindenau U14 Girls"]
[WhiteTeamCountry "GER"]
[BlackTeamCountry "GER"]

1. e4 c5 2. c3 e6 3. d4 Nf6 4. e5 Nd5 5. Nf3 cxd4 6. cxd4 Nc6 7. Bc4 Bb4+ 8. Bd2 Bxd2+ 9. Qxd2 Nce7 10. Nc3 Nxc3 11. bxc3 a6 12. a4 b5 13. axb5 a5 14. 0-0 Bb7 15. Qf4 Ng6 16. Qg5 Bxf3 17. Qxd8+ Kxd8 18. gxf3 Kc7 19. Rfb1 Rhb8 20. Bd3 a4 21. Bxg6 hxg6 22. c4 Ra5 23. Kf1 f6 24. f4 a3 25. c5 Raxb5 26. Rxb5 Rxb5 27. Rxa3 Kb7 28. h4 Rb4 29. Rd3 Kc6 30. Ke2 Kd5 31. Ke3 Rc4 32. f3 f5 33. Rd2 Rc3+ 34. Ke2 Rc4 35. Ke3 Rc1 36. Rg2 Rc3+ 37. Kf2 Rc2+ 38. Kf1 Rxg2 39. Kxg2 Kxd4 40. Kf2 Kxc5 41. Ke3 Kd5 42. Ke2 Kc5 43. Kd3 d6 1/2-1/2

[Event "GER-chT U14 Girls"]
[Site "Burg Stargard"]
[Date "2006.12.28"]
[Round "4.3"]
[White "Bozdag, Melissa"]
[Black "Schimmel, Jannika"]
[Result "1-0"]
[WhiteElo "1062"]
[BlackElo "1039"]
[PlyCount "87"]
[EventDate "2006.12.27"]
[EventType "team-swiss"]
[EventRounds "7"]
[EventCountry "GER"]
[SourceTitle "EXT 2008"]
[Source "ChessBase"]
[SourceDate "2007.11.25"]
[SourceVersion "1"]
[SourceVersionDate "2007.11.25"]
[SourceQuality "1"]
[WhiteTeam "Porz SG U14 Girls"]
[BlackTeam "Leegebruch U14 Girls"]
[WhiteTeamCountry "GER"]
[BlackTeamCountry "GER"]

1. e4 e5 2. Nf3 Nc6 3. Bc4 Nf6 4. Ng5 d5 5. exd5 Nxd5 6. d4 Be6 7. Nxe6 fxe6 8. dxe5 Nxe5 9. Qe2 Bd6 10. 0-0 Qh4 11. f4 Bc5+ 12. Kh1 Ng4 13. Qxe6+ Be7 14. h3 c6 15. Qxg4 Qxg4 16. hxg4 0-0 17. Nc3 Rad8 18. Be3 Kh8 19. Bxd5 cxd5 20. Rad1 Bf6 21. Bd4 Bxd4 22. Rxd4 g5 23. f5 Rf6 24. Rxd5 Rxd5 25. Nxd5 Rh6+ 26. Kg1 Rh4 27. Ne3 Rh6 28. g3 Rd6 29. b4 Rd2 30. f6 Kg8 31. a4 Re2 32. Rf3 Re1+ 33. Kf2 Ra1 34. a5 Ra4 35. c3 Ra2+ 36. Ke1 Ra3 37. Nc4 Ra1+ 38. Ke2 Ra2+ 39. Kd3 Ra1 40. Rf5 h6 41. Ne5 Rd1+ 42. Kc4 Rd8 43. f7+ Kf8 44. Ng6+ 1-0